Estadísticas para Países por A

Haz click aquí para intentar la prueba.

Estadísticas generales

  • Esta prueba ha sido intentada 122 veces
  • La puntuación promedio es 11 de 13

Estadísticas de respuestas

ContinentePaís% Correcto
EuropaAlemania
99%
América del SurArgentina
97%
OceaníaAustralia
96%
EuropaAlbania
94%
EuropaAndorra
93%
AsiaArmenia
91%
EuropaAustria
88%
AsiaAfganistán
85%
ÁfricaAngola
85%
ÁfricaArgelia
84%
AsiaAzerbaiyán
82%
América del NorteAntigua y Barbuda
80%
AsiaArabia Saudita
65%

Distribución de puntuación

Porcentaje por número respondido

Porcentaje de gente con cada puntuación

Historial de tus puntuaciones

No has intentado esta prueba.